№ 4 (293); Нефть. Газ. Новации

Detaylı Bibliyografya
Parent link:Нефть. Газ. Новации: научно-технический журнал. № 4 (293).— .— Самара: Нефть. Газ. Новации, 1999-.— 2077-5423
Özet:Текстовый файл
AM_Agreement
Dil:Rusça
Baskı/Yayın Bilgisi: 2025
Online Erişim:https://www.elibrary.ru/contents.asp?id=82904392
Materyal Türü: MixedMaterials Elektronik Kitap
KOHA link:https://koha.lib.tpu.ru/cgi-bin/koha/opac-detail.pl?biblionumber=682061

MARC

LEADER 00000nam2a2200000 4500
001 682061
005 20251002133833.0
090 |a 682061 
100 |a 20251002d2025 k||y0rusy50 ca 
101 0 |a rus 
102 |a RU 
105 |a a z 001yy 
135 |a drcn ---uucaa 
181 0 |a i   |b  e  
182 0 |a b 
183 0 |a cr  |2 RDAcarrier 
200 0 |a № 4 (293) 
203 |a Текст  |c электронный  |b визуальный 
210 |d 2025 
283 |a online_resource  |2 RDAcarrier 
320 |a Библиография в конце статей 
336 |a Текстовый файл 
371 0 |a AM_Agreement 
461 1 |0 579540  |9 579540  |t Нефть. Газ. Новации  |o научно-технический журнал  |c Самара  |n Нефть. Газ. Новации  |d 1999-  |v № 4 (293)  |x 2077-5423 
801 0 |a RU  |b 63413507  |c 20250911  |g PSBO 
850 |a 63413507 
856 4 0 |u https://www.elibrary.ru/contents.asp?id=82904392  |z https://www.elibrary.ru/contents.asp?id=82904392 
942 |c CF